Tenebrae /

A novelist arrives in Rome only to find somebody using his novels as the inspiration for murder. He finds himself the subject of death threats. As the death toll mounts, the writer finds himself more closely linked to the police investigation.

Bibliographic Details
Corporate Authors: Sigma Cinematografica-Rome, Starz Media, Anchor Bay Entertainment, Inc
Other Authors: Argento, Salvatore, 1914-1987, Argento, Dario, Argento, Claudio, Kemp, George, Franciosa, Anthony, 1928-2006, Nicolodi, Daria, Saxon, John, 1935-2020, Gemma, Giuliano, 1938-2013, Borromeo, Christian, D'Angelo, Mirella, Lario, Veronica, 1956-, Stagnaro, Carola, Pieroni, Ania, Steiner, John, 1941-, Wendel, Lara
Format: Video DVD
Language:English
Italian
Language Notes:English or Italian; closed-captioned.
Published: Burbank, Calif. : Starz Media : [2008]
Edition:Anamorphic widescreen.
Subjects:

MARC

Tag First Indicator Second Indicator Subfields
LEADER 00000cgm a2200000Ia 4500
001 in00002781158
005 20211106063504.0
007 vd cvaizk
008 080613s2008 cau101 vleng d
024 1 |a 013131484892 
028 4 2 |a DV14848  |b Anchor Bay Entertainment, Inc. 
035 |a (OCoLC)ocn231835512 
035 |a (OCoLC)231835512 
040 |a TXB  |c TXB  |d OCLCQ  |d PSC  |d IUL  |d TEF  |d UtOrBLW 
041 1 |a eng  |a ita  |h ita 
049 |a TXAM 
050 4 |a PN1997  |b .T39257 2008 
082 0 4 |a 791.43/72  |2 23 
090 |a PN1995.9.H6  |b T443 2008 
245 0 0 |a Tenebrae /  |c Salvatore Argento presents a film by Dario Argento ; story by Dario Argento ; screenplay by Dario Argento, George Kemp ; produced by Claudio Argento ; a Sigma Cinematográfica-Rome production ; directed by Dario Argento. 
246 3 4 |a Tenebre 
246 1 |i Title on container:  |a Dario Argento's Tenebre 
250 |a Anamorphic widescreen. 
264 1 |a Burbank, Calif. :  |b Starz Media :  |c [2008] 
264 2 |a Burbank, Calif. :  |b Distributed by Anchor Bay Entertainment, Inc., 
300 |a 1 videodisc (101 min.) :  |b sound, color ;  |c 4 3/4 in. 
336 |a two-dimensional moving image  |b tdi  |2 rdacontent 
337 |a video  |b v  |2 rdamedia 
338 |a videodisc  |b vd  |2 rdacarrier 
538 |a DVD; region 1; Dolby digital surround 5.1, Dolby digital surround 2.0 or mono.; aspect ratio 1.85:1. 
546 |a English or Italian; closed-captioned. 
511 1 |a Anthony Franciosa, Daria Nicolodi, John Saxon, Giuliano Gemma, Christian Borromeo, Mirella D'Angelo, Veronica Lario, Ania Pieroni, Carola Stagnaro, John Steiner, Lara Wendel. 
508 |a Photography, Luciano Tovoli ; film editor, Franco Fraticelli ; music, Simonetti, Pignatelli, Morante. 
500 |a Originally released as a motion picture in 1982. 
520 |a A novelist arrives in Rome only to find somebody using his novels as the inspiration for murder. He finds himself the subject of death threats. As the death toll mounts, the writer finds himself more closely linked to the police investigation. 
500 |a Special feature include: Audio commentary by Dario Argento, composer Claudio Simonetti and journalist Loris Curci ; 3 behind-the-scenes segments ; alternate end credits music; theatrical trailer ; Dario Argento bio. 
500 |a Videorecording. 
650 0 |a Authors, Italian  |v Drama. 
650 0 |a Murder  |v Drama. 
655 7 |a Horror films.  |2 lcgft 
655 7 |a Feature films.  |2 lcgft 
655 7 |a Fiction films.  |2 lcgft 
655 7 |a Video recordings for the hearing impaired.  |2 lcgft 
700 1 |a Argento, Salvatore,  |d 1914-1987. 
700 1 |a Argento, Dario. 
700 1 |a Argento, Claudio. 
700 1 |a Kemp, George. 
700 1 |a Franciosa, Anthony,  |d 1928-2006. 
700 1 |a Nicolodi, Daria. 
700 1 |a Saxon, John,  |d 1935-2020. 
700 1 |a Gemma, Giuliano,  |d 1938-2013. 
700 1 |a Borromeo, Christian. 
700 1 |a D'Angelo, Mirella. 
700 1 |a Lario, Veronica,  |d 1956- 
700 1 |a Stagnaro, Carola. 
700 1 |a Pieroni, Ania. 
700 1 |a Steiner, John,  |d 1941- 
700 1 |a Wendel, Lara. 
710 2 |a Sigma Cinematografica-Rome. 
710 2 |a Starz Media. 
710 2 |a Anchor Bay Entertainment, Inc. 
994 |a C0  |b TXA 
948 |a cataloged  |b h  |c 2012/10/18  |d c  |e blrosas  |f 12:46:58 pm 
999 |a MARS 
999 f f |s a47bef22-13a0-3c46-8a04-bd6675117099  |i 8efafb7d-9edb-377b-999d-817c58647ddf  |t 0 
952 f f |p dvd  |a Texas A&M University  |b College Station  |c Sterling C. Evans Library  |d Evans: Media and Reserves (Annex 1st floor)  |t 0  |e PN1995.9.H6 T443 2008  |h Library of Congress classification  |i video -- videodisc  |m A14841585040 
998 f f |a PN1995.9.H6 T443 2008  |t 0  |l Evans: Media and Reserves (Annex 1st floor)